| 000 | 01289nac a22003251i 4500 | ||
|---|---|---|---|
| 003 | EG-ScBUE | ||
| 005 | 20250527091951.0 | ||
| 008 | 250417t1973 nyua f b 101 0 eng d | ||
| 020 | _a047053530X | ||
| 040 |
_aEG-ScBUE _beng _erda _cEG-ScBUE _dEG-ScBUE |
||
| 082 | 0 | 4 |
_a530.44 _bDYN _222 |
| 111 | 2 |
_aInternational symposium on dynamics of ionized gases _d(1971 : _cTokyo, Japan) |
|
| 245 | 0 | 0 |
_aDynamics of ionized gases : _bproceedings of the international symposium on dynamics of ionized gases, Tokyo, Japan, September 13-17, 1971 / _cedited by M. J. Lighthill, I. Imai, and H. Sato. |
| 264 | 1 |
_aNew York : _bJohn Wiley & Sons, _c[1973] |
|
| 264 | 4 | _cc1973 | |
| 300 |
_a545 pages : _billustrations ; _c24 cm |
||
| 336 |
_2rdacontent _atext _btxt |
||
| 337 |
_aunmediated _2rdamedia _bn |
||
| 338 |
_avolume _bnc _2rdacarrier |
||
| 500 | _aAt head of title: International Union of Theoretical and Applied Mechanics. | ||
| 500 | _a"A Halsted Press book." | ||
| 504 | _aIncludes bibliographical references and index. | ||
| 650 | 7 |
_aPlasma dynamics _xCongresses. _2BUEsh |
|
| 650 | 7 |
_aShock waves _xCongresses. _2BUEsh |
|
| 655 | _vReading book | ||
| 700 | 1 |
_aImai, Isamu, _c1931- _eeditor. |
|
| 700 | 1 |
_aLighthill, M. J., _eeditor. |
|
| 700 | 1 |
_aSato, H., _eeditor. |
|
| 942 |
_cBB _2ddc |
||
| 999 |
_c6316 _d6316 |
||